| 000 | 00319 a2200121 4500 | ||
|---|---|---|---|
| 001 | 89176 | ||
| 082 | _a954.91053 MAL | ||
| 090 |
_c42125 _d42125 |
||
| 100 | _aMaleeha Lodhi | ||
| 245 |
_aPakistan beyond the crisis state _cMaliha Lodhi |
||
| 260 |
_aKarachi _bOxford University Press _c2013 |
||
| 300 | _axxv, 391 p. | ||
| 942 |
_aCAE NUST _k954.91053 MAL |
||
| 999 |
_c324249 _d324249 |
||